Music Quiz

Random Music or Clickable Quiz

50 Years of #1 Albums Quiz Stats

Quiz not verified by Sporcle

Challenge
Share
Tweet
Embed
Score 0/48 Timer 04:00
0 Plays Today
% Correct
1983-1984
59.8%
1985
54.9%
1980
53.3%
2011-2012
52.5%
1977
51.6%
1978
51.6%
1994
50%
2000
47.5%
1999
45.1%
1967
44.3%
1988
43.4%
1993
43.4%
1995
43.4%
1996
42.6%
1963
41.8%
1970
41.8%
1986
41.8%
1968
41%
1982
41%
1992
40.2%
1965
38.5%
1987
37.7%
1991
36.9%
2001
36.9%
% Correct
1964
36.1%
1975
35.2%
1976
35.2%
1979
35.2%
1998
35.2%
1972
34.4%
1997
34.4%
1981
33.6%
1969
32.8%
2005
32%
1974
30.3%
1990
30.3%
1971
29.5%
2002
29.5%
2006
29.5%
2008
29.5%
1966
28.7%
1989
28.7%
2004
26.2%
2007
24.6%
2009
22.1%
1973
19.7%
2003
18.9%
2010
12.3%

You're not logged in!

Compare scores with friends on all Sporcle quizzes.
Join for Free
OR
Log In

You Might Also Like...

Show Comments

Extras

Top Quizzes Today


Score Distribution

Your Account Isn't Verified!

In order to create a playlist on Sporcle, you need to verify the email address you used during registration. Go to your Sporcle Settings to finish the process.

Report this User

Report this user for behavior that violates our Community Guidelines.

Details: